| 000 | 00910nam a22002657a 4500 | ||
|---|---|---|---|
| 999 |
_c533406 _d533406 |
||
| 003 | OSt | ||
| 005 | 20200101103912.0 | ||
| 008 | 130122t2003 xxu||||| |||| 00| 0 eng d | ||
| 020 | _a 0500341958 | ||
| 020 | _a9780500341957 | ||
| 038 | _aMSOHAIL | ||
| 040 | _c0 | ||
| 082 | _a721.04421 | ||
| 100 | 1 |
_aCampbell, James W. P. _927272 |
|
| 245 |
_aBrick : _ba world history / _cJames W.P. Campbell ; photographs by Will Pryce ; with over 600 illustrations, 570 in color. |
||
| 260 |
_aLondon ; _aNew York: _bThames & Hudson, _c2003. |
||
| 300 |
_a320 p. : _bill. (some col.), maps ; _c32 cm. |
||
| 504 | _a Includes bibliographical references (p. 314-318) and index. | ||
| 650 |
_a Bricks. _927273 |
||
| 650 |
_aBuilding, Brick _xHistory. _927274 |
||
| 650 |
_aBrickwork. _927275 |
||
| 700 | 1 |
_a Pryce, Will. _927276 |
|
| 942 |
_2ddc _cBK |
||